טוען...

New approaches to the identification of microorganisms

מידע ביבליוגרפי
מחבר ראשי: Heden, Carl-Goran
מחברים אחרים: Illeni, Tiber
פורמט: Printed Book
שפה:English
סדרה:Techniques in pure and applied microbiology
נושאים:
LEADER 00540nam a2200169 a 4500
005 20151028162129.0
008 960221s1955 dcuabcdjdbkoqu001 0deng d
003 ViArRB
082 |a 576 
100 |a Heden, Carl-Goran  |9 21464 
245 |a New approaches to the identification of microorganisms 
490 |a Techniques in pure and applied microbiology  
653 |a   
700 |a Illeni, Tiber  |9 21463 
942 |c BK  |6 _ 
999 |c 75728  |d 75728 
952 |0 0  |1 0  |4 0  |6 576_L51  |7 0  |9 88357  |a SOS   |b SOS  |d 0000-00-00  |o 576 L51  |p MS003350  |r 2013-06-14  |w 2009-07-13  |y BK